Average yields. - February 1998 - November 1998 (Record no. 96997)

MARC details
000 -LEADER
fixed length control field 00810cam a2200301 4500
001 - CONTROL NUMBER
control field J90520
008 - FIXED-LENGTH DATA ELEMENTS--GENERAL INFORMATION
fixed length control field 090401t1998 xxu||||| |||| 00| 0 eng d
035 ## - SYSTEM CONTROL NUMBER
System control number (Sirsi) u84983
041 ## - LANGUAGE CODE
Language code of text/sound track or separate title eng
050 ## - LIBRARY OF CONGRESS CALL NUMBER
Classification number 332.6324
110 ## - MAIN ENTRY--CORPORATE NAME
Corporate name or jurisdiction name as entry element Hillier Parker
9 (RLIN) 2054
245 ## - TITLE STATEMENT
Title Average yields. - February 1998 - November 1998
260 ## - PUBLICATION, DISTRIBUTION, ETC.
Place of publication, distribution, etc. London
Name of publisher, distributor, etc. Hillier Parker
Date of publication, distribution, etc. 1998
300 ## - PHYSICAL DESCRIPTION
Extent 4 pt. ; 30cm.
350 ## - PRICE (NR) (BK AM CF MU VM SE) [OBSOLETE]
Price 15
650 ## - SUBJECT ADDED ENTRY--TOPICAL TERM
Topical term or geographic name entry element AVERAGE YIELDS
650 ## - SUBJECT ADDED ENTRY--TOPICAL TERM
Topical term or geographic name entry element EQUITIES
650 ## - SUBJECT ADDED ENTRY--TOPICAL TERM
Topical term or geographic name entry element GILTS
650 ## - SUBJECT ADDED ENTRY--TOPICAL TERM
Topical term or geographic name entry element INDUSTRIAL PROPERTY
650 ## - SUBJECT ADDED ENTRY--TOPICAL TERM
Topical term or geographic name entry element OFFICES
650 ## - SUBJECT ADDED ENTRY--TOPICAL TERM
Topical term or geographic name entry element PROPERTY INVESTMENT
650 ## - SUBJECT ADDED ENTRY--TOPICAL TERM
Topical term or geographic name entry element PROPERTY MARKET INDICATORS
650 ## - SUBJECT ADDED ENTRY--TOPICAL TERM
Topical term or geographic name entry element SHOPS
690 ## - LOCAL SUBJECT ADDED ENTRY--TOPICAL TERM (OCLC, RLIN)
Topical term or geographic name as entry element PROPERTY-COMMERCIAL PROPERTY-COMMERCIAL PROPERTY FINANCE AND INVESTMENT
710 ## - ADDED ENTRY--CORPORATE NAME
Corporate name or jurisdiction name as entry element CB Hillier Parker
9 (RLIN) 3660
942 ## - ADDED ENTRY ELEMENTS (KOHA)
Suppress in OPAC 0
948 ## - LOCAL PROCESSING INFORMATION (OCLC); SERIES PART DESIGNATOR (RLIN)
c (OCLC) 17/03/1998
Holdings
Withdrawn status Lost status Source of classification or shelving scheme Damaged status Not for loan Home library Current library Shelving location Date acquired Cost, normal purchase price Total Checkouts Full call number Barcode Date last seen Copy number Cost, replacement price Price effective from Koha item type Date last checked out
    Dewey Decimal Classification     London London Property market reports 14/09/1999 15.00   PROPERTY MARKET REPORTS 30055159 06/08/2019 1 15.00 06/08/2019 Reference material  
    Dewey Decimal Classification     London London Property market reports 14/09/1999 15.00 1 PROPERTY MARKET REPORTS 30055160 06/08/2019 2 15.00 06/08/2019 Book 27/10/1999
    Dewey Decimal Classification     London London Property market reports 14/09/1999 15.00   PROPERTY MARKET REPORTS 30055766 06/08/2019 3 15.00 06/08/2019 Reference material  
    Dewey Decimal Classification     London London Property market reports 14/09/1999 15.00   PROPERTY MARKET REPORTS 30055767 06/08/2019 4 15.00 06/08/2019 Book  
    Dewey Decimal Classification     London London Property market reports 14/09/1999 15.00   PROPERTY MARKET REPORTS 30056076 06/08/2019 5 15.00 06/08/2019 Book  
    Dewey Decimal Classification     London London Property market reports 14/09/1999 15.00   PROPERTY MARKET REPORTS 30056077 06/08/2019 6 15.00 06/08/2019 Reference material  
    Dewey Decimal Classification     London London Property market reports 14/09/1999 15.00   PROPERTY MARKET REPORTS 30057055 06/08/2019 7 15.00 06/08/2019 Reference material